000 00697nam a2200229Ia 4500
005 20241216010342.0
008 180423s9999||||xx |||||||||||||| ||und||
020 _a84-283-1879-4
082 _a384.03
_bA31
100 _aAGUADERO FERNANDEZ, FRANCISCO
245 0 _aDICCIONARIO DE COMUNICACION AUDIOVISUAL
_bIMAGEN, FOTOGRAFIA, AUDIO Y VIDEO
250 _a0
260 _aMADRID-ESPAÑA
_bPARANINFO
_c1991
300 _a199 pag
_c21 cm
341 _h56.05
490 _v0
_a0
505 _aABREVIATURAS-ESPAÑOL-INGLES/SISTEMA FORMATOS-REGISTRO-MEDIOS
541 _aC
_bGRUPO COMERCIAL LOS ANDES
_d04-Nov-97
_odólar
650 _aCIENCIAS SOCIALES
856 _zReferencia
942 _cLIBRO
999 _c12149
_d12149